Séneca y el estoicismo.

Uloženo v:
Podrobná bibliografie
Hlavní autor: Veyne, Paul (autor)
Médium: Kniha
Vydáno: México, D.F., México: Fondo de Cultura Económica, 1995.
Vydání:Primera edición.
Edice:Sección de Obras de Filosofía.
Témata:
Tagy: Přidat tag
Žádné tagy, Buďte první, kdo vytvoří štítek k tomuto záznamu!

MARC

LEADER 00000nam a22000007a 4500
003 CL-VaPUC
005 20220822114538.0
008 220704t1995 ||||| |||| 00| 0 eng d
999 |c 436625  |d 436623 
020 |a 968-16-4294-5 
040 |c Pontificia Universidad Católica de Valparaíso 
082 7 |a 188 VEY 1995  |2 22 
100 1 |a  Veyne, Paul  |e autor  |9 872086 
245 |a Séneca y el estoicismo. 
250 |a Primera edición. 
260 |a México, D.F., México:  |b Fondo de Cultura Económica,   |c 1995. 
300 |a 268 páginas. 
490 |a Sección de Obras de Filosofía. 
500 |a c.1 Donación Familia Prof. Alejandro Guzmán Brito. 
583 |c 20220704  |k Catalogador Asistente 
600 0 |a Séneca, Lucio Anneo  |9 313328 
650 |a Estoicismo  |9 872135 
650 |a Filosofía estoica  |9 866232 
942 |2 ddc  |c BK  |n 0 
952 |0 0  |1 0  |2 ddc  |4 0  |6 188_000000000000000_VEY_1995  |7 0  |8 C_AGB  |9 584302  |a BIBDER  |b BIBDER  |d 2022-07-04  |e Donación  |i 5652462  |o 188 VEY 1995  |p 5652462  |r 2023-01-25  |t 1  |w 2022-07-04  |y BK_US  |k AGB